• 首页
  • 本馆介绍
  • 公告通知
  • 最新文献
  • 馆藏检索
  • 电子资源
  • 读者导购
  • 参考咨询
  • 我的图书馆
  • 登录
  • 详细信息显示
  • 放入我的书架
  • 预约/预借图书
  • 作者相关作品
  • 分类相关作品
  • 丛书相关作品
  • 出版社相关作品

书目信息

  • 表格格式
  • 工作单格式
  • 卡片格式
题名:
新的技术革命与图书情报工作
    
 
作者: 白国应 编
分册:  
出版信息: 北京   光明日报出版社  1985
页数: 236页
开本: 19cm
丛书名:
单 册:
中图分类: G350 , G250 , G35
科图分类:
主题词: 新技术革命-关系-情报工作 , 情报工作-关系-新技术革命 , 新技术革命-关系-图书馆工作 , 图书馆工作-关系-新技术革命 , 情报学 , 情报工作
电子资源:
ISBN:
000 00888nam0 2200325 45
001 0185003299
005 20040430152255.2
010    @dCNY1.35
091    @a7263.16
100    @a19900816d1985 emky0chiy0121 ea
101 0  @achi
102    @aCN@b110000
105    @ay z 000yy
106    @ar
200 10 @a新的技术革命与图书情报工作@Axin de ji shu ge ming yu tu shu qing bao gong zuo@f白国应编
210    @a北京@c光明日报出版社@d1985
215    @a236页@d19cm
606    @a新技术革命-关系-情报工作
606    @a情报工作-关系-新技术革命
606    @a新技术革命-关系-图书馆工作
606    @a图书馆工作-关系-新技术革命
606 0  @a情报学
606 0  @a情报工作
690    @aG350@v3
690    @aG250@v3
690    @aG35
701  0 @a白国应@Abai guo ying@4编
801  0 @aCN@b深圳图书馆@c20040430
801  2 @aCN@bNLC@c20040430
905    @f2@b166460-461@dG35@e26
    
    新的技术革命与图书情报工作/白国应编.-北京:光明日报出版社,1985
    236页;19cm
    
    
    ISBN :CNY1.35
    
●
相关链接 在E读中查询图书 在五车中查询图书 在当当中查询图书 在豆瓣中查询图书


正题名:新的技术革命与图书情报工作     索取号:G35/26         预约/预借

序号 登录号 条形码 馆藏地/架位号 状态 备注
1 0166460   000985296   密集书库/ [索取号:G35/26] 在馆    
2 0166461   000985312   密集书库/ [索取号:G35/26] 在馆    
3 0166462   000985303   第一样本阅览室/ [索取号:G35/26] 在馆    
唐山师范学院图书馆 欢迎您!
大连网信软件有限公司© 版权所有